Random words in Danish #2 - Statistics

General Stats
  • This quiz has been taken 61 times
  • The average score is 16 of 20
Answer Stats
Hint Answer % Correct
help hjælp
94%
movie film
92%
chair stol
92%
bike cykle
90%
happy glad
88%
evening aften
84%
backpack rygsack
84%
juice saft
84%
hour time
82%
light lyse
80%
fork gaffel
78%
bun bolle
76%
run løber
75%
money penge
75%
girl pige
75%
boy dreng
71%
bye farvel
71%
play leger
67%
docter læge
63%
behind bag
59%
No matching quizzes found
Score Distribution
Percent of People with Each Score
Percentile by Number Answered
Your Score History
You have not taken this quiz